One Subcategory in 15 Categories - Asia Quiz Stats

 Plays Quiz Updated Aug 15, 2019

Score 0/15 Timer 05:00
40 Plays Today
Question Answer Wrong Answers
MISCELLANEOUS: Which of these car manufacturers is not Korean? Suzuki
76.6%
Hyundai
6.9%
Kia
7.1%
Daewoo
6.5%
JUST FOR FUN: Which of these becomes a country if you add the ending stan? Kyrgyz-
74.9%
Kazak-
17.8%
Azerbai-
1.8%
Uzbek-
2.8%
ENTERTAINMENT: In which modern day country is the musical The King and I set? Thailand
73.8%
Vietnam
9.7%
Mongolia
7.9%
Indonesia
4.1%
MOVIES: Akira Kurosawa's film Rashomon won an Academy Award for Outstanding Foreign Language Film for which country? Japan
72.1%
Soviet Union
7.9%
South Korea
11.5%
Israel
6.7%
TELEVISION: What is the name of a Japanese game show hosted by Takeshi Kitano that became a cult hit around the world? Takeshi's Castle
60.2%
Takeshi's Empire
9%
Takeshi's Race
13.5%
Takeshi's Torture Chamber
14.7%
RELIGION: Which of these countries has a population that has fewer than 1% Buddhists? India
58.2%
Thailand
5.5%
Myanmar
17.6%
Cambodia
14%
HISTORY: Which of these years was in the lifespan of Genghis Khan? 1200
53.8%
1400
31.1%
1600
9.3%
1800
2.4%
GEOGRAPHY: What is the largest island located entirely in Asia? Borneo
51.1%
Sumatra
16.3%
Honshu
11.9%
Java
20.3%
SCIENCE: Which is not considered to be invented by the ancient Chinese? Cement
49.6%
Paper
13.8%
Compass
26.3%
Gunpowder
6.3%
LANGUAGE: Which is not one of the 22 official languages of India? Darjeeling
49.4%
Urdu
12%
Nepali
18.3%
Bodo
16.6%
HOLIDAY: Which country commemorates the Battle of Bataan on April 9, the Day of Valor? Philippines
47%
Taiwan
10.1%
Indonesia
16.6%
Cambodia
21.2%
SPORTS: Where are the 2022 Winter Olympics scheduled to be held? Beijing
45.4%
Seoul
37.5%
Bangkok
5.1%
Shanghai
11.8%
MUSIC: What '80s band recorded the hit Big in Japan? Alphaville
33.7%
A-ha
27.3%
The J. Geils Band
12.3%
Men Without Hats
25.6%
GAMING: Which Arcade video game was not developed in Japan? Mortal Kombat
29.4%
Pac-Man
24.5%
Donkey Kong
11.6%
Galaga
30.4%
LITERATURE: What is the name of a Japanese Nobel Laureate in Literature? Kenzaburō Ōe
28.2%
Mo Yan
9.9%
Rabindranath Tagore
17%
Hayao Miyazaki
41.3%

You're not logged in!

Compare scores with friends on all Sporcle quizzes.
OR
Log In

Sporcle TV

Today on Sporcle TV


Watch our educational content, quiz creation guides, and fun videos on Sporcle TV.

Show Comments

Extras

Top Quizzes Today


Score Distribution

Your Account Isn't Verified!

In order to create a playlist on Sporcle, you need to verify the email address you used during registration. Go to your Sporcle Settings to finish the process.

Report this User

Report this user for behavior that violates our Community Guidelines.

Details: